000 00503nam a2200097Ia 4500
008 170517s9999 xx 000 0 und d
245 4 _aThe Weight of the Nation: Choices
300 _aThe second film in the series poses a question that almost anyone who's struggled with excess weight has asked, if only in jest: For all the remarkable high-tech tools available to medicine, for all the billions of dollars in...
650 _xTechnology.
856 _uhttp://topdocumentaryfilms.com/weight-nation-choices/
999 _c335131
_d335131